000 00577cam a22001577a 4500
008 180718b2002 xxu||||| |||| 00| 0 eng d
100 _aClarke, George R.G.
245 _aUniversally bad service: providing infrastructure services to rural and poor urban consumers
_cby George R.G. Clarke and Scott J. Wallsten
260 _aWashington, D.C.
_bWorld Bank
_c2002
300 _a54p.
440 _aPolicy Research Working Paper, no. 2868
650 _aPoor urban consumers
650 _aRural urban consumers
650 _aInfrastructure services
700 _aWallsten, Scott J.
999 _c288322
_d288322